00308 a2200133 4500001000700000020002200007040003500029100002100064240002600085245002100111300000800132362000900140440002500149157647 a978-85-7164-540-x cEscola São Tomás de Aquino aGAARDER, Jostein10aO dia do Curingalpor10aO dia do Curinga a3780 a1996 1aCompanhia das Letras